[Event "Mercredi 2010.02.17 ABCD"]
[Site "Montreal CAN"]
[Date "2010.03.03"]
[Round "3"]
[White "Pozdnyakov, Alexander"]
[Black "Chesnut, Walter"]
[Result "0-1"]
[WhiteElo "1669"]
[BlackElo "1626"]
[PlyCount "80"]
[EventDate "2010.02.17"]
[EventType "tourn"]
[EventRounds "5"]
[EventCountry "CAN"]

1. e4 e5 2. Bc4 Bc5 3. Nf3 Nc6 4. d3 a6 5. Be3 Ba7 6. a4 h6 7. Nc3 d6 8. Ne2
Nf6 9. h3 Be6 10. Nd2 O-O 11. O-O d5 12. Bxa7 dxc4 13. Bc5 cxd3 14. cxd3 Re8
15. Qc2 Nd7 16. Ba3 Qg5 17. Nf3 Qf6 18. Kh2 Rac8 19. b4 Na7 20. d4 exd4 21.
Nfxd4 Ne5 22. Bb2 Nc4 23. Bc3 Qe5+ 24. g3 Qh5 25. Nf4 Qg5 26. Ndxe6 fxe6 27.
Bxg7 Ne5 28. Bxe5 Qxe5 29. Qe2 Kh7 30. Rad1 Re7 31. Nh5 Nc6 32. f4 Qc3 33. Qg4
Rg8 34. Qh4 Rf7 35. e5 Nd4 36. Nf6+ Rxf6 37. exf6 Qc2+ 38. Kh1 Qe4+ 39. Kg1
Rxg3+ 40. Qxg3 Ne2+ 0-1

[Event "Mercredi 2010.02.17 ABCD"]
[Site "Montreal CAN"]
[Date "2010.03.03"]
[Round "3"]
[White "Pregent, Daniel"]
[Black "Lange, David"]
[Result "0-1"]
[WhiteElo "1848"]
[BlackElo "1979"]
[PlyCount "118"]
[EventDate "2010.02.17"]
[EventType "tourn"]
[EventRounds "5"]
[EventCountry "CAN"]

1. d4 d5 2. c4 e6 3. Nf3 Nf6 4. e3 c6 5. Nbd2 Be7 6. Bd3 O-O 7. O-O Nbd7 8. e4
dxe4 9. Nxe4 Nxe4 10. Bxe4 Nf6 11. Bc2 c5 12. b3 b6 13. Bb2 Bb7 14. Ne5 Rc8 15.
Re1 cxd4 16. Qxd4 Qxd4 17. Bxd4 Rfd8 18. Bc3 Nd5 19. Be4 Nxc3 20. Bxb7 Rc7 21.
Bf3 Rd2 22. a3 Bc5 23. Rf1 f6 24. Nc6 e5 25. Nb4 e4 26. Bg4 Bd4 27. Rae1 g6 28.
Be6+ Kg7 29. Nd5 Nxd5 30. Bxd5 f5 31. a4 Rb2 32. Rd1 Bc5 33. Rb1 Bxf2+ 34. Kh1
Rxb1 35. Rxb1 e3 36. Rb2 Be1 37. Re2 Bd2 38. g3 Kf6 39. Kg2 Ke5 40. Kf3 Kd4 41.
h4 Kc3 42. g4 fxg4+ 43. Kxg4 Kxb3 44. c5+ Kxa4 45. cxb6 axb6 46. Rg2 Re7 47.
Bf3 b5 48. Be2 b4 49. Kg5 b3 50. Kf6 Rb7 51. Rg4+ Rb4 52. Rg1 Rxh4 53. Kg5 Rh5+
54. Bxh5 e2+ 55. Kf6 e1=Q 56. Rxe1 Bxe1 57. Bd1 Bc3+ 58. Kg5 Bg7 59. Kh4 Ka3
0-1

[Event "Mercredi 2010.02.17 ABCD"]
[Site "Montreal CAN"]
[Date "2010.03.10"]
[Round "4"]
[White "Baran, Marius"]
[Black "Keane-McCarney, Eamon"]
[Result "1/2-1/2"]
[WhiteElo "1701"]
[BlackElo "1638"]
[PlyCount "104"]
[EventDate "2010.02.17"]
[EventType "tourn"]
[EventRounds "5"]
[EventCountry "CAN"]

1. Nf3 c5 2. g3 Nf6 3. Bg2 g6 4. b3 Bg7 5. Bb2 O-O 6. c4 Nc6 7. O-O Qc7 8. Nc3
Rd8 9. e4 Nxe4 10. Nd5 Qd6 11. Bxg7 Kxg7 12. Qc2 Nf6 13. Qc3 e5 14. Rfe1 Re8
15. Ng5 Nxd5 16. Bxd5 Nd4 17. Nxf7 Qf6 18. f4 e4 19. Ng5 e3 20. Kh1 Nf5 21.
Qxf6+ Kxf6 22. dxe3 Nxe3 23. Ne4+ Rxe4 24. Bxe4 Nf5 25. Bxf5 gxf5 26. Re8 b6
27. Kg1 Bb7 28. Rxa8 Bxa8 29. Rd1 Ke6 30. Kf2 Be4 31. Rd2 h5 32. Ke3 a6 33. h3
b5 34. cxb5 axb5 35. a4 c4 36. bxc4 bxa4 37. g4 h4 38. g5 Bc6 39. Kd4 Kd6 40.
Ra2 Ke6 41. Kc5 Kf7 42. Kb4 d5 43. cxd5 Bxd5 44. Rxa4 Bg2 45. Ra3 Ke7 46. Kc5
Ke6 47. Kd4 Bf1 48. Re3+ Kf7 49. Ke5 Kg6 50. Ke6 Bg2 51. Ke5 Bf1 52. Kd4 Kh5
1/2-1/2

[Event "Mercredi 2010.02.17 ABCD"]
[Site "Montreal CAN"]
[Date "2010.03.10"]
[Round "4"]
[White "Chesnut, Walter"]
[Black "Le Bas, Nicolas"]
[Result "1/2-1/2"]
[WhiteElo "1626"]
[BlackElo "1636"]
[PlyCount "57"]
[EventDate "2010.02.17"]
[EventType "tourn"]
[EventRounds "5"]
[EventCountry "CAN"]

1. e4 e5 2. Nf3 Nc6 3. Bb5 a6 4. Ba4 b5 5. Bb3 Nf6 6. O-O d6 7. d3 Na5 8. c3
Nxb3 9. Qxb3 Be6 10. Qc2 c5 11. Re1 Be7 12. Nbd2 h6 13. Nf1 O-O 14. Ng3 Nd7 15.
Be3 Rc8 16. Qd2 Bf6 17. a4 Nb8 18. axb5 axb5 19. d4 exd4 20. cxd4 Nd7 21. Qa5
Nb6 22. d5 Bg4 23. Qxb5 Nc4 24. b3 Nxe3 25. Rxe3 Rb8 26. Qa6 Bc8 27. Qa3 Qb6
28. Nd2 Bg5 29. Rd3 1/2-1/2

[Event "Mercredi 2010.02.17 ABCD"]
[Site "Montreal CAN"]
[Date "2010.03.10"]
[Round "4"]
[White "Dobrev, Martin"]
[Black "Lange, Holger"]
[Result "1-0"]
[WhiteElo "1846"]
[BlackElo "1746"]
[PlyCount "107"]
[EventDate "2010.02.17"]
[EventType "tourn"]
[EventRounds "5"]
[EventCountry "CAN"]

1. c4 e5 2. g3 Nc6 3. Bg2 g6 4. Nc3 Bg7 5. Nf3 Nge7 6. O-O O-O 7. Rb1 a5 8. b3
d6 9. h3 f5 10. e4 Be6 11. Ng5 Bd7 12. d3 Qc8 13. Nd5 h6 14. Nf3 Nxd5 15. cxd5
Ne7 16. h4 Rf7 17. Qc2 c6 18. Ba3 cxd5 19. Qxc8+ Rxc8 20. Bxd6 Bb5 21. Rfd1
fxe4 22. dxe4 Be2 23. Nxe5 Bxe5 24. Bxe5 Bxd1 25. Rxd1 Nc6 26. Bf4 dxe4 27.
Bxe4 Kh7 28. h5 Re7 29. Bxg6+ Kg7 30. Rd5 Rd8 31. Rb5 Rd1+ 32. Kg2 Red7 33. Be4
a4 34. Rb6 axb3 35. axb3 Re7 36. Bf3 Rb1 37. Bd5 Rd1 38. Bxc6 bxc6 39. Rxc6 Rb1
40. b4 Rb7 41. Rg6+ Kf7 42. Rxh6 R1xb4 43. Rh7+ Kg8 44. Rxb7 Rxb7 45. g4 Rg7
46. g5 Rf7 47. Kg3 Kg7 48. Be5+ Kg8 49. f4 Rh7 50. Kg4 Rb7 51. g6 Rb6 52. Kg5
Rb5 53. h6 Rxe5+ 54. fxe5 1-0

[Event "Mercredi 2010.02.17 ABCD"]
[Site "Montreal CAN"]
[Date "2010.03.10"]
[Round "4"]
[White "Gagnon, Serge"]
[Black "Dumont, Felix"]
[Result "1/2-1/2"]
[WhiteElo "1967"]
[BlackElo "2007"]
[PlyCount "92"]
[EventDate "2010.02.17"]
[EventType "tourn"]
[EventRounds "5"]
[EventCountry "CAN"]

1. d4 Nf6 2. c4 g6 3. Nc3 Bg7 4. e4 d6 5. Nf3 O-O 6. Be2 e5 7. O-O Nbd7 8. d5
Nc5 9. Nd2 a5 10. f3 Ne8 11. Nb3 Nxb3 12. Qxb3 f5 13. Be3 f4 14. Bf2 b6 15. Qc2
g5 16. a3 h5 17. b4 g4 18. c5 g3 19. hxg3 fxg3 20. Bxg3 Qg5 21. Kh2 h4 22. Bf2
Qf4+ 23. Kh1 Nf6 24. Qc1 axb4 25. Qxf4 exf4 26. axb4 Rxa1 27. Rxa1 Nxe4 28.
Nxe4 Bxa1 29. cxd6 cxd6 30. Nxd6 h3 31. Bxb6 hxg2+ 32. Kxg2 Bd7 33. Ne4 Rf7 34.
Kf2 Rh7 35. Bc5 Rh2+ 36. Ke1 Rh1+ 37. Kd2 Bb2 38. Bd6 Bc1+ 39. Kc3 Rh2 40. Nf6+
Kf7 41. Nxd7 Rxe2 42. Bc5 Ra2 43. Ne5+ Kf6 44. Nc4 Rg2 45. b5 Rg3 46. b6 Rxf3+
1/2-1/2

[Event "Mercredi 2010.02.17 ABCD"]
[Site "Montreal CAN"]
[Date "2010.03.10"]
[Round "4"]
[White "Gates, Claude-Eric"]
[Black "Zroud, Hicham"]
[Result "0-1"]
[WhiteElo "1706"]
[BlackElo "1731"]
[PlyCount "127"]
[EventDate "2010.02.17"]
[EventType "tourn"]
[EventRounds "5"]
[EventCountry "CAN"]

1. c4 e5 2. g3 Nc6 3. Bg2 f5 4. Nc3 Nf6 5. d3 Bb4 6. a3 Bxc3+ 7. bxc3 O-O 8.
Rb1 d6 9. e3 Qe8 10. Ne2 Qh5 11. Qa4 Nd8 12. c5 d5 13. c4 Be6 14. cxd5 Bxd5 15.
Bxd5+ Nxd5 16. Qc4 Qf7 17. O-O b6 18. a4 Nb7 19. Ba3 Rfe8 20. Rfc1 e4 21. Nf4
Rad8 22. Nxd5 Qxd5 23. d4 Qxc4 24. Rxc4 Na5 25. Rc2 Rd7 26. c6 Rd5 27. Rb5 Red8
28. Rb1 Re8 29. Kf1 Re6 30. Rbc1 Nb3 31. Rb1 Na5 32. Rb5 Rxb5 33. axb5 Kf7 34.
Rc3 a6 35. d5 Re8 36. bxa6 Ra8 37. d6 cxd6 38. Bxd6 Ke6 39. Bf4 Kd5 40. c7 Nc6
41. Ke2 Rc8 42. Kd2 b5 43. Kc1 b4 44. Rb3 Kc4 45. Rb2 b3 46. Bd6 Na7 47. Be5
Nb5 48. Bxg7 Rxc7 49. Bd4 Nxd4 50. exd4 Kxd4+ 51. Kd2 Kc4 52. Rb1 Rd7+ 53. Ke3
Kc3 54. Rc1+ Kb4 55. Rb1 Ra7 56. Ra1 b2 57. Rb1 Kb3 58. Kf4 Rxa6 59. Kxf5 Ra4
60. g4 Kc2 61. Re1 b1=Q 62. Rxb1 Kxb1 63. h4 Kc2 64. h5 0-1

[Event "Mercredi 2010.02.17 ABCD"]
[Site "Montreal CAN"]
[Date "2010.03.10"]
[Round "4"]
[White "Guindon, Alex"]
[Black "Millette, Sylvain"]
[Result "1-0"]
[WhiteElo "1485"]
[BlackElo "1605"]
[PlyCount "41"]
[EventDate "2010.02.17"]
[EventType "tourn"]
[EventRounds "5"]
[EventCountry "CAN"]

1. d4 Nf6 2. Nf3 g6 3. Bf4 d5 4. e3 Bg7 5. Be2 c6 6. O-O Nbd7 7. h3 O-O 8. Nbd2
Re8 9. c4 dxc4 10. Bxc4 Nb6 11. Bb3 Nbd5 12. Bh2 Bf5 13. Rc1 Nb4 14. Ne5 e6 15.
Ndf3 Nd7 16. a3 Nxe5 17. Nxe5 Nd5 18. Re1 f6 19. Nc4 Bxh3 20. gxh3 e5 21. e4
1-0

[Event "Mercredi 2010.02.17 ABCD"]
[Site "Montreal CAN"]
[Date "2010.03.10"]
[Round "4"]
[White "Lange, David"]
[Black "Levkovsky, Alexandre"]
[Result "0-1"]
[WhiteElo "1979"]
[BlackElo "2175"]
[PlyCount "134"]
[EventDate "2010.02.17"]
[EventType "tourn"]
[EventRounds "5"]
[EventCountry "CAN"]

1. d4 Nf6 2. c4 e6 3. Nf3 b6 4. Nc3 Bb7 5. e3 Bb4 6. Bd2 O-O 7. a3 Bxc3 8. Bxc3
Ne4 9. d5 Nxc3 10. bxc3 d6 11. e4 Nd7 12. Bd3 Nc5 13. O-O e5 14. Qe2 Bc8 15.
Ne1 Qg5 16. Bc2 Ba6 17. g3 Rae8 18. Ng2 Bc8 19. Qe3 Qxe3 20. Nxe3 g6 21. g4 Kg7
22. h3 h5 23. f3 f6 24. Kh2 Rh8 25. Kg2 Rh6 26. Rh1 Reh8 27. Raf1 Bd7 28. Re1
Nb7 29. Ref1 Nd8 30. Nd1 Nf7 31. Rfg1 Ng5 32. Nf2 Nf7 33. Nd1 Rb8 34. Nf2 Rhh8
35. Rb1 Nh6 36. Kf1 Nf7 37. Ke2 hxg4 38. hxg4 Ng5 39. Rxh8 Rxh8 40. Rh1 Rxh1
41. Nxh1 Nh3 42. Ng3 Kh6 43. Ke3 Nf4 44. Nf1 Kg5 45. Nd2 Ng2+ 46. Kf2 Nh4 47.
Ke3 Ng2+ 48. Kf2 Nf4 49. Ke3 Kh4 50. Kf2 Nh3+ 51. Kg2 Ng5 52. Kh2 Nf7 53. Kg2
Nd8 54. Bb3 Nb7 55. Bc2 Nc5 56. Kf2 Kg5 57. Ke3 f5 58. gxf5 gxf5 59. exf5 Bxf5
60. Be4 Bxe4 61. Nxe4+ Nxe4 62. Kxe4 a6 63. a4 a5 64. c5 bxc5 65. c4 Kg6 66.
Kd3 Kf6 67. Ke4 Kg5 0-1

[Event "Mercredi 2010.02.17 ABCD"]
[Site "Montreal CAN"]
[Date "2010.03.10"]
[Round "4"]
[White "Pozdnyakov, Alexander"]
[Black "Gauthier, Luc"]
[Result "0-1"]
[WhiteElo "1669"]
[BlackElo "1654"]
[PlyCount "80"]
[EventDate "2010.02.17"]
[EventType "tourn"]
[EventRounds "5"]
[EventCountry "CAN"]

1. f4 d5 2. Nf3 c5 3. e3 e6 4. b3 Nf6 5. Bb2 Be7 6. Ne5 a6 7. d3 Nc6 8. Be2 O-O
9. O-O Bd7 10. Qe1 b5 11. Nd2 Qb6 12. c4 bxc4 13. dxc4 Nb4 14. Bd1 Rad8 15. Kh1
Bc8 16. Qg3 Bb7 17. h4 d4 18. h5 Ne4 19. Nxe4 Bxe4 20. h6 g6 21. Bf3 Bxf3 22.
Rxf3 Nc2 23. e4 Nxa1 24. f5 Bd6 25. fxg6 fxg6 26. Qg5 Rxf3 27. gxf3 Bxe5 28.
Qxe5 Qb7 29. Bxa1 Qf7 30. Kg1 Rf8 31. b4 Qf6 32. Qxf6 Rxf6 33. e5 Rxf3 34. bxc5
d3 35. Bc3 Kf8 36. c6 Ke8 37. c5 Rf4 38. c7 Kd7 39. Ba5 Rc4 40. c6+ Rxc6 0-1

[Event "Mercredi 2010.02.17 ABCD"]
[Site "Montreal CAN"]
[Date "2010.03.10"]
[Round "4"]
[White "Pregent, Daniel"]
[Black "Leveille, Francois"]
[Result "0-1"]
[WhiteElo "1848"]
[BlackElo "2308"]
[PlyCount "86"]
[EventDate "2010.02.17"]
[EventType "tourn"]
[EventRounds "5"]
[EventCountry "CAN"]

1. d4 f5 2. c4 Nf6 3. Nc3 g6 4. e3 Bg7 5. Nf3 O-O 6. Bd3 d6 7. O-O Nc6 8. Qe2
e5 9. dxe5 dxe5 10. Rd1 Qe8 11. c5 e4 12. Bc4+ Kh8 13. Nd4 Ne5 14. Ncb5 Qe7 15.
b3 c6 16. Nd6 b5 17. cxb6 Qxd6 18. Ne6 Nd3 19. Nxg7 axb6 20. Bxd3 exd3 21. Rxd3
Qc7 22. Bb2 Kxg7 23. Rad1 Be6 24. Qc2 Rad8 25. Qc3 Rxd3 26. Rxd3 c5 27. Qd2 Kg8
28. f3 Ne8 29. Rd8 Kf7 30. g3 Ke7 31. Rd3 Qc6 32. Kf2 Nd6 33. Kg2 Ne4 34. Qd1
Ng5 35. Be5 Nf7 36. Qa1 Ra8 37. Bg7 Ke8 38. Rd2 Bxb3 39. Bh8 Bd5 40. e4 fxe4
41. Qg7 Rxa2 42. Qg8+ Ke7 43. Rxa2 Bxa2 0-1

[Event "Mercredi 2010.02.17 ABCD"]
[Site "Montreal CAN"]
[Date "2010.03.17"]
[Round "5"]
[White "Dumont, Felix"]
[Black "Pregent, Daniel"]
[Result "0-1"]
[WhiteElo "2007"]
[BlackElo "1848"]
[PlyCount "58"]
[EventDate "2010.02.17"]
[EventType "tourn"]
[EventRounds "5"]
[EventCountry "CAN"]

1. e4 c6 2. d4 d5 3. e5 Bf5 4. Nc3 e6 5. g4 Bg6 6. Nge2 c5 7. Be3 Nd7 8. Nf4
cxd4 9. Bxd4 Ne7 10. h4 Nc6 11. Rc1 Nxd4 12. Qxd4 Bc5 13. Qa4 Qb6 14. Nd1 O-O-O
15. Nd3 Kb8 16. f4 Bxd3 17. Bxd3 Be3 18. Rb1 Nc5 19. Qb5 Qxb5 20. Bxb5 Bxf4 21.
Rf1 Bg3+ 22. Ke2 Rhf8 23. Nf2 Bxh4 24. b4 Bxf2 25. Rxf2 Ne4 26. Rf3 Rc8 27. c4
a6 28. Bd7 Rxc4 29. Rbf1 Rd8 0-1

[Event "Mercredi 2010.02.17 ABCD"]
[Site "Montreal CAN"]
[Date "2010.03.17"]
[Round "5"]
[White "Gauthier, Luc"]
[Black "Chesnut, Walter"]
[Result "1/2-1/2"]
[WhiteElo "1654"]
[BlackElo "1626"]
[PlyCount "59"]
[EventDate "2010.02.17"]
[EventType "tourn"]
[EventRounds "5"]
[EventCountry "CAN"]

1. e4 e5 2. f4 Bc5 3. Nf3 d6 4. c3 Bb6 5. Na3 Bg4 6. Nc4 Nc6 7. Nxb6 axb6 8.
Bb5 Nf6 9. d3 O-O 10. Bxc6 bxc6 11. fxe5 dxe5 12. O-O Qe7 13. Bg5 Qe6 14. a3
Nd7 15. Qe1 f6 16. Be3 c5 17. Qg3 Bxf3 18. Rxf3 f5 19. exf5 Rxf5 20. Rxf5 Qxf5
21. Bh6 Qf6 22. Bg5 Qg6 23. Rf1 Re8 24. Qf3 Qe6 25. Qe4 h6 26. Bh4 c6 27. c4
Nf8 28. Bg3 Ng6 29. Rf5 Rf8 30. Rxf8+ 1/2-1/2

[Event "Mercredi 2010.02.17 ABCD"]
[Site "Montreal CAN"]
[Date "2010.03.17"]
[Round "5"]
[White "Keane-McCarney, Eamon"]
[Black "Pozdnyakov, Alexander"]
[Result "1-0"]
[WhiteElo "1638"]
[BlackElo "1669"]
[PlyCount "73"]
[EventDate "2010.02.17"]
[EventType "tourn"]
[EventRounds "5"]
[EventCountry "CAN"]

1. e4 d5 2. exd5 Nf6 3. d4 Bg4 4. Nf3 Nxd5 5. Be2 Nc6 6. O-O g6 7. c4 Nb6 8. d5
Bxf3 9. Bxf3 Ne5 10. Be2 Bg7 11. Nc3 O-O 12. c5 Nc8 13. Qb3 b6 14. c6 f5 15.
d6+ Kh8 16. d7 Nd6 17. Qd5 a6 18. Bg5 Nef7 19. Be3 e5 20. Qe6 f4 21. Bd2 Qf6
22. Qxf6 Bxf6 23. Nd5 Bd8 24. Bc3 Ne4 25. Bb4 Ned6 26. Bd3 g5 27. Rfe1 Rg8 28.
Bc3 h6 29. Bxe5+ Nxe5 30. Rxe5 Kg7 31. Re6 Rh8 32. Rae1 b5 33. Rg6+ Kf7 34.
Rxd6 cxd6 35. c7 Bxc7 36. Nxc7 Ra7 37. Re8 1-0

[Event "Mercredi 2010.02.17 ABCD"]
[Site "Montreal CAN"]
[Date "2010.03.17"]
[Round "5"]
[White "Lange, Holger"]
[Black "Khudaverdian, Berj"]
[Result "1-0"]
[WhiteElo "1746"]
[BlackElo "1802"]
[PlyCount "105"]
[EventDate "2010.02.17"]
[EventType "tourn"]
[EventRounds "5"]
[EventCountry "CAN"]

1. e4 d5 2. exd5 Nf6 3. c4 Bg4 4. Be2 h5 5. d4 e6 6. dxe6 Bxe6 7. Nc3 c6 8. Bg5
Nbd7 9. d5 Bf5 10. Bxh5 Qe7+ 11. Be2 Ne5 12. Be3 Nfg4 13. Qd4 c5 14. Qd2 Nxh2
15. O-O-O Nf1 16. Bxf1 Rxh1 17. Nh3 Bxh3 18. gxh3 Nf3 19. Qe2 Nd4 20. Qg4 Qf6
21. Qe4+ Be7 22. Qxh1 a6 23. Qe4 O-O-O 24. Bxd4 cxd4 25. Qxd4 Qh6+ 26. Kb1 b6
27. Qg4+ Kb7 28. Bg2 Ka7 29. Qf3 Qg6+ 30. Ka1 Bd6 31. Ne4 Be5 32. Qg4 Qh7 33.
Qe2 f6 34. Qd3 Qg6 35. Ng3 Qe8 36. Kb1 Qa4 37. Qb3 Qd7 38. Ne4 f5 39. Ng5 Qd6
40. Ne6 Rd7 41. a3 f4 42. Qf3 Rb7 43. Rc1 a5 44. Qe4 Rf7 45. Bf3 Rf6 46. Nd4
Bxd4 47. Qxd4 Qc5 48. Qxc5 bxc5 49. Rg1 Rf7 50. Rg6 Kb7 51. Rc6 Re7 52. Re6 Rf7
53. Kc2 1-0

[Event "Mercredi 2010.02.17 ABCD"]
[Site "Montreal CAN"]
[Date "2010.03.17"]
[Round "5"]
[White "Le Bas, Nicolas"]
[Black "Baran, Marius"]
[Result "0-1"]
[WhiteElo "1636"]
[BlackElo "1701"]
[PlyCount "64"]
[EventDate "2010.02.17"]
[EventType "tourn"]
[EventRounds "5"]
[EventCountry "CAN"]

1. e4 c5 2. Nf3 d6 3. d4 cxd4 4. Nxd4 Nf6 5. Nc3 g6 6. Bg5 Bg7 7. Qd2 O-O 8. f3
Nc6 9. Nb3 Be6 10. Nd5 Bxd5 11. exd5 Ne5 12. f4 Ne4 13. Qe3 Nxg5 14. fxe5 h6
15. h4 Nh7 16. O-O-O dxe5 17. g4 Qd6 18. Bg2 Rac8 19. Kb1 Rc4 20. g5 h5 21.
Qxa7 Rfc8 22. Rd2 f6 23. Bh3 f5 24. Qf2 Nf8 25. Re1 Nd7 26. Bxf5 gxf5 27. Qxf5
Nf8 28. Re4 Qg6 29. Qxg6 Nxg6 30. Rxc4 Rxc4 31. Na5 Rxh4 32. Nxb7 Rh1+ 0-1

[Event "Mercredi 2010.02.17 ABCD"]
[Site "Montreal CAN"]
[Date "2010.03.17"]
[Round "5"]
[White "Lescarbeau, Martin"]
[Black "Messier, Samuel"]
[Result "1/2-1/2"]
[WhiteElo "1507"]
[BlackElo "1587"]
[PlyCount "102"]
[EventDate "2010.02.17"]
[EventType "tourn"]
[EventRounds "5"]
[EventCountry "CAN"]

1. c4 Nf6 2. g3 e6 3. Bg2 d5 4. b3 c6 5. Nf3 Nbd7 6. Bb2 Bd6 7. O-O O-O 8. d4
Qc7 9. c5 Be7 10. Nc3 e5 11. dxe5 Ng4 12. Qd4 Ngxe5 13. Nxe5 Bxc5 14. Qf4 Qxe5
15. Qxe5 Nxe5 16. Nxd5 Ng6 17. Rac1 Bd6 18. Ne3 Be5 19. Ba3 Rd8 20. Nc4 Bc7 21.
Rfd1 Be6 22. Nd6 Bxd6 23. Bxd6 Rd7 24. Rc2 Rad8 25. Rcd2 Ne7 26. e4 Nc8 27. e5
Nb6 28. Rd4 Nd5 29. Bc5 b6 30. Bd6 f6 31. f4 fxe5 32. fxe5 Rf7 33. Rc1 Rc8 34.
Rxd5 cxd5 35. Rxc8+ Bxc8 36. Bxd5 Bb7 37. Bc4 b5 38. Bxf7+ Kxf7 39. Kf2 Bd5 40.
Ke3 Ke6 41. Kd4 a5 42. Kc5 a4 43. b4 Bc4 44. a3 h5 45. Kd4 Kf5 46. Ke3 g6 47.
h3 Bf1 48. g4+ hxg4 49. hxg4+ Ke6 50. Ke4 Be2 51. Kf4 Bd3 1/2-1/2

[Event "Mercredi 2010.02.17 ABCD"]
[Site "Montreal CAN"]
[Date "2010.03.17"]
[Round "5"]
[White "Leveille, Francois"]
[Black "Lange, David"]
[Result "1-0"]
[WhiteElo "2308"]
[BlackElo "1979"]
[PlyCount "95"]
[EventDate "2010.02.17"]
[EventType "tourn"]
[EventRounds "5"]
[EventCountry "CAN"]

1. Nf3 d5 2. g3 g6 3. Bg2 Bg7 4. c4 c6 5. cxd5 cxd5 6. d4 Nc6 7. O-O Nf6 8. b3
O-O 9. Bb2 Ne4 10. Nbd2 Nxd2 11. Qxd2 b6 12. Rfc1 Bb7 13. b4 Rc8 14. a4 Qd7 15.
Bc3 e6 16. e3 Rc7 17. b5 Ne7 18. Ne5 Bxe5 19. dxe5 Rfc8 20. Bb2 Rxc1+ 21. Rxc1
Rxc1+ 22. Bxc1 Qc7 23. Ba3 Nf5 24. Qb4 h6 25. h3 Kh7 26. Qf8 Qxe5 27. Qxf7+ Qg7
28. Qxg7+ Kxg7 29. g4 Nh4 30. Bh1 Bc8 31. f4 Kf7 32. Kf2 a6 33. a5 bxa5 34. b6
Bb7 35. Ke2 g5 36. Kd3 Ng6 37. Bc1 e5 38. fxe5 Nxe5+ 39. Kd4 Ke6 40. e4 Nc6+
41. Kc5 Nb4 42. exd5+ Nxd5 43. Bb2 a4 44. Be4 Nf4 45. Bxb7 Nd3+ 46. Kc6 Nxb2
47. Bc8+ Ke7 48. b7 1-0

[Event "Mercredi 2010.02.17 ABCD"]
[Site "Montreal CAN"]
[Date "2010.03.17"]
[Round "5"]
[White "Levkovsky, Alexandre"]
[Black "Gagnon, Serge"]
[Result "1-0"]
[WhiteElo "2175"]
[BlackElo "1967"]
[PlyCount "69"]
[EventDate "2010.02.17"]
[EventType "tourn"]
[EventRounds "5"]
[EventCountry "CAN"]

1. e4 g6 2. d4 Bg7 3. Nc3 d6 4. Bg5 c5 5. d5 Qb6 6. Rc1 f5 7. Bb5+ Kf8 8. Nge2
h6 9. Bd2 fxe4 10. O-O a6 11. Bc4 Nd7 12. Ng3 Ne5 13. Be2 Nf6 14. Ngxe4 Bf5 15.
Ng3 e6 16. f4 Nf7 17. dxe6 Bxe6 18. f5 gxf5 19. Nxf5 Bxf5 20. Rxf5 Re8 21. Bc4
Qb4 22. Rf4 Qa5 23. Nd5 Qd8 24. Qf1 Re6 25. Nxf6 Rxf6 26. Bxf7 Kxf7 27. Bc3
Rxf4 28. Qxf4+ Kg8 29. Rf1 Qe7 30. Qc4+ Kh7 31. Qd3+ Kg8 32. Qd5+ Kh7 33. Qf5+
Kg8 34. Qg6 d5 35. Re1 1-0

[Event "Mercredi 2010.02.17 ABCD"]
[Site "Montreal CAN"]
[Date "2010.03.09"]
[Round "5"]
[White "Millette, Sylvain"]
[Black "Bergeron, Rene"]
[Result "1/2-1/2"]
[WhiteElo "1605"]
[BlackElo "1618"]
[PlyCount "102"]
[EventDate "2010.02.17"]
[EventType "tourn"]
[EventRounds "5"]
[EventCountry "CAN"]

1. Nf3 d5 2. g3 Nc6 3. Bg2 e5 4. d3 Bg4 5. h3 Bf5 6. Nbd2 Nf6 7. O-O Qd7 8. Kh2
O-O-O 9. c4 e4 10. cxd5 Qxd5 11. Ng5 Qd7 12. Ngxe4 Nd5 13. Nc3 Nb6 14. a3 h5
15. f3 g5 16. Nde4 g4 17. h4 Bxe4 18. fxe4 Bd6 19. Bf4 Ne5 20. b3 Rhf8 21. d4
Ng6 22. e5 Nxf4 23. Rxf4 Be7 24. e3 f6 25. exf6 Rxf6 26. Rxf6 Bxf6 27. Qd3 Qe6
28. Rf1 Bg7 29. Qf5 Re8 30. Qe4 c6 31. Qxe6+ Rxe6 32. Be4 Kd8 33. Rf7 Bh6 34.
Rf5 Bxe3 35. d5 cxd5 36. Bxd5 Nxd5 37. Nxd5 Bc1 38. Nf4 Bxf4 39. Rxf4 Re5 40.
Rf7 Kc8 41. Kg2 a5 42. Kf2 Kb8 43. b4 axb4 44. axb4 Rb5 45. Rf4 Kc7 46. Ke3
Re5+ 47. Re4 Kd6 48. Kf4 Rb5 49. Rd4+ Ke6 50. Re4+ Kd6 51. Ke3 Re5 1/2-1/2

[Event "Mercredi 2010.02.17 ABCD"]
[Site "Montreal CAN"]
[Date "2010.03.17"]
[Round "5"]
[White "Zroud, Hicham"]
[Black "Dobrev, Martin"]
[Result "0-1"]
[WhiteElo "1731"]
[BlackElo "1846"]
[PlyCount "91"]
[EventDate "2010.02.17"]
[EventType "tourn"]
[EventRounds "5"]
[EventCountry "CAN"]

1. e4 c6 2. d4 d5 3. f3 g6 4. Nc3 Bg7 5. Be3 h5 6. Qd2 e6 7. O-O-O Nd7 8. Nh3
Nb6 9. Bg5 Ne7 10. Qf4 Nd7 11. exd5 exd5 12. Qd6 Nf8 13. Qg3 Bxh3 14. Qxh3 Ne6
15. Be3 Nf5 16. Re1 Nxe3 17. Rxe3 Bh6 18. f4 Bxf4 19. Bd3 Bxe3+ 20. Qxe3 Qg5
21. Re1 Qxe3+ 22. Rxe3 Kd7 23. Ne2 Rae8 24. Rf3 Ke7 25. c3 Ng5 26. Rf2 Ne4 27.
Rf4 f5 28. c4 Kf6 29. h3 g5 30. Rf1 h4 31. Kc2 f4 32. Ng1 Ng3 33. Rf2 dxc4 34.
Bxc4 Rd8 35. Nf3 Rhe8 36. Rd2 Nf5 37. Kc3 Re3+ 38. Kc2 Rxf3 39. gxf3 Rxd4 40.
Bd3 c5 41. Kc3 Ne3 42. b3 Nd5+ 43. Kb2 Nb4 44. Kc3 Rxd3+ 45. Rxd3 Nxd3 46. Kxd3
0-1

[Event "Mercredi 2010.03.31 ABCD"]
[Site "Montreal CAN"]
[Date "2010.03.31"]
[Round "1"]
[White "Ber, Alexandre"]
[Black "Eddouri, Hmida"]
[Result "0-1"]
[WhiteElo "1593"]
[BlackElo "1509"]
[PlyCount "72"]
[EventDate "2010.03.31"]
[EventType "tourn"]
[EventRounds "5"]
[EventCountry "CAN"]

1. d4 d5 2. c4 c6 3. Nf3 Bf5 4. Nc3 Nf6 5. Bf4 e6 6. Qb3 Qb6 7. c5 Qxb3 8. axb3
Na6 9. Rxa6 bxa6 10. h3 Bc2 11. b4 Bb3 12. e3 Bc4 13. Bxc4 dxc4 14. Ne5 Nd5 15.
Nxd5 cxd5 16. Kd2 f6 17. Nc6 Kd7 18. Nb8+ Kc8 19. Nxa6 Kb7 20. Nc7 e5 21. Nxd5
exf4 22. Nxf4 g5 23. Nd5 Kc6 24. Nxf6 Be7 25. Ne4 a5 26. Kc3 Kd5 27. Nd2 axb4+
28. Kxb4 Rhb8+ 29. Kc3 Bf6 30. Nxc4 Kc6 31. b4 Rb5 32. e4 Bxd4+ 33. Kxd4 Rxb4
34. e5 Rd8+ 35. Kc3 Kxc5 36. e6 Rxc4+ 0-1

[Event "Mercredi 2010.03.31 ABCD"]
[Site "Montreal CAN"]
[Date "2010.03.31"]
[Round "1"]
[White "Chen, Jianqiu"]
[Black "Lescarbeau, Martin"]
[Result "1-0"]
[WhiteElo "1523"]
[BlackElo "1521"]
[PlyCount "107"]
[EventDate "2010.03.31"]
[EventType "tourn"]
[EventRounds "5"]
[EventCountry "CAN"]

1. e4 e6 2. d4 d5 3. e5 c5 4. c3 Qb6 5. Nf3 Bd7 6. Nbd2 Nc6 7. Nb3 c4 8. Nbd2
f6 9. b3 cxb3 10. Nxb3 fxe5 11. dxe5 Nge7 12. Bf4 Ng6 13. Bg3 a5 14. Bd3 Nge7
15. O-O a4 16. Nbd4 Nxd4 17. Nxd4 g6 18. Rb1 Qa7 19. Qg4 Nf5 20. Bxf5 gxf5 21.
Qh5+ Kd8 22. Qf7 Bc5 23. Nxe6+ Bxe6 24. Qxe6 Qa6 25. Bh4+ Kc7 26. Qxd5 Qc6 27.
Qf7+ Kb8 28. Bg3 Ka7 29. Qxf5 h5 30. h4 Rhg8 31. Kh2 Raf8 32. Qh7 Ka6 33. f4
Rg4 34. Qd3+ Ka7 35. Qb5 Qc8 36. Qxa4+ Kb8 37. Rf3 Rfg8 38. Qe4 Rxg3 39. Rxg3
Rxg3 40. Rxb7+ Qxb7 41. Qxb7+ Kxb7 42. Kxg3 Kc6 43. Kf3 Be7 44. g4 hxg4+ 45.
Kxg4 Kd5 46. h5 Ke6 47. a4 Kf7 48. a5 Kg7 49. a6 Bc5 50. f5 Kf7 51. f6 Kg8 52.
e6 Kf8 53. e7+ Kf7 54. h6 1-0

[Event "Mercredi 2010.03.31 ABCD"]
[Site "Montreal CAN"]
[Date "2010.03.31"]
[Round "1"]
[White "Chesnut, Walter"]
[Black "Sonko, Babacar"]
[Result "1-0"]
[WhiteElo "1692"]
[BlackElo "1685"]
[PlyCount "49"]
[EventDate "2010.03.31"]
[EventType "tourn"]
[EventRounds "5"]
[EventCountry "CAN"]

1. e4 c5 2. Nf3 d6 3. d4 cxd4 4. Nxd4 a6 5. Nc3 e6 6. Be2 Nf6 7. Bg5 Be7 8. f4
O-O 9. e5 Nd5 10. Bxe7 Qxe7 11. exd6 Qxd6 12. Nxd5 Qxd5 13. Nf3 h6 14. O-O Nc6
15. a3 Rd8 16. Kh1 b5 17. Qe1 Bb7 18. Rd1 Nd4 19. Qf2 Qe4 20. Bd3 Qc6 21. Qh4
f6 22. Rf2 Rac8 23. Nxd4 Rxd4 24. Bh7+ Kxh7 25. Rxd4 1-0